Hundertwasser 1928-2000 : Personality, Life, Work
Saved in:
| Main Author: | |
|---|---|
| Format: | Book |
| Language: | English |
| Published: |
Köln :
Taschen,
2005
|
| Subjects: | |
| Tags: |
No Tags, Be the first to tag this record!
|
MARC
| LEADER | 00000nam a22000003a 4500 | ||
|---|---|---|---|
| 001 | stu115575 | ||
| 005 | 20150617225847.3 | ||
| 008 | 060331s2005------------------------eng-d | ||
| 020 | |a 3-8228-4109-9 | ||
| 040 | |a STU |b slo | ||
| 041 | 0 | |a eng | |
| 100 | 1 | |a Schmied, Wieland |4 aut | |
| 245 | 1 | |a Hundertwasser 1928-2000 : |b Personality, Life, Work | |
| 260 | |a Köln : |b Taschen, |c 2005 | ||
| 300 | |a 400 s | ||
| 650 | 7 | |a Hundertwasser - o ňom |2 stusub | |
| 650 | 7 | |a architekti európski |2 stusub | |
| 996 | |b 284AU01929 |c A*4570 U |l AAKNAR |s A |a 24 |w stu115575_0001 | ||